[Event "Ch Germany"]
[Site "masterchessopen.com Binz (Germany)"]
[Round "9"]
[White "Schumacher Olaf (GER)"]
[Black "Von Buelow Georg (GER)"]
[Result "1-0"]
[WhiteElo "2285"]
[BlackElo "2355"]

1.d4 Nf6 2.c4 g6 3.Nc3 Bg7 4.e4 d6 5.f3 O-O 6.Be3 e5 7.Nge2 c6 8.Qd2 Nbd7 9.d5
cxd5 10.cxd5 a6 11.O-O-O b5 12.Kb1 Nb6 13.Nc1 b4 14.N3e2 Nc4 15.Qd3 Nxe3
16.Qxe3 h5 17.Nd3 a5 18.Nec1 Kh7 19.Be2 Bh6 20.Qf2 Bd7 21.h3 Ne8 22.g4 h4
23.f4 exf4 24.Nxf4 Qf6 25.Rhf1 Qxf4 26.Qxf4 Bxf4 27.Rxf4 g5 28.Rf2 Kg7 29.Rdf1
f6 30.Nb3 Kf7 31.Rc1 Ke7 32.Nd4 Rb8 33.Bd3 Kd8 34.Rfc2 Rf7 35.Rc6 Ra8 36.Rb6
Re7 37.Rc2 Rf7 38.Kc1 Re7 39.Kd2 Rf7 40.Bb5 {#r} 1-0

[Event "It (open)"]
[Site "masterchessopen.com Buenos Aires (Argentina)"]
[Round "1"]
[White "Bronstein Luis (ARG)"]
[Black "Marcussi Bartolome (ARG)"]
[Result "1-0"]
[WhiteElo "2349"]
[BlackElo "2275"]

1.d4 Nf6 2.c4 g6 3.Nc3 Bg7 4.e4 d6 5.f3 O-O 6.Be3 e5 7.Nge2 c6 8.Qd2 Nbd7 9.d5
cxd5 10.cxd5 Nc5 11.b4 Ncd7 12.Nb5 Nb6 13.Rc1 Ne8 14.Nec3 Bd7 15.a4 a6 16.a5
Nc8 17.Na3 f5 18.Nc4 Nf6 19.Bd3 fxe4 20.Nxe4 Nxe4 21.Bxe4 Bf5 22.O-O Bxe4
23.fxe4 Qh4 24.Qd3 Rxf1+ 25.Rxf1 Bh6 26.Bxh6 Qxh6 27.Qf3 Qg7 28.Qg4 Qe7 29.Ne3
Kh8 30.Qe6 Kg7 31.Rf3 Qxe6 32.dxe6 Na7 33.Rf7+ Kh6 34.h4 g5 35.Nf5+ Kg6
36.Rg7+ Kf6 37.hxg5+ {#r} 1-0

[Event "Ch Denmark (team) 1993/94"]
[Site "masterchessopen.com Denmark"]
[Round "6"]
[White "Pedersen Borge (DEN)"]
[Black "Brondum Eric (DEN)"]
[Result "0-1"]
[WhiteElo "2126"]
[BlackElo "2140"]

1.d4 Nf6 2.c4 g6 3.Nc3 Bg7 4.e4 d6 5.f3 O-O 6.Be3 e5 7.Nge2 c6 8.Qd2 Nbd7 9.d5
cxd5 10.Nxd5 Nxd5 11.Qxd5 Nf6 12.Qd2 Be6 13.Nc3 Qe7 14.Be2 a6 15.O-O Nh5
16.Rfd1 Rad8 17.Rac1 f5 18.Nd5 Qf7 19.exf5 gxf5 20.Bg5 Nf6 21.Qb4 Bxd5 22.cxd5
Rd7 23.Qb6 Qg6 24.Bxf6 Bxf6 25.Rc4 Kh8 26.Rdc1 Rg8 27.Bf1 Bg5 28.R1c2 Qh6
29.Qb4 Be3+ 30.Kh1 Bf4 31.h3 Rdg7 32.Rxf4 Qxf4 33.Qxd6 Qd4 34.Qc5 Qxc5 35.Rxc5
Rd7 36.Bd3 Rf8 37.g4 fxg4 38.fxg4 Rf2 39.Bf5 Rd8 40.Be6 Rxb2 41.a4 b5 42.axb5
axb5 43.Bc8 b4 44.h4 b3 45.Bf5 Ra8 46.Rc1 Rd2 47.g5 b2 48.Rg1 Ra1 49.Bb1 Rxb1
{#R} 0-1

[Event "Match"]
[Site "masterchessopen.com Monaco"]
[Round "8"]
[White "Ljubojevic Ljubomir (SRB)"]
[Black "Piket Jeroen (NED)"]
[Result "0-1"]
[WhiteElo "2580"]
[BlackElo "2640"]

1.d4 Nf6 2.c4 g6 3.Nc3 Bg7 4.e4 d6 5.f3 O-O 6.Be3 e5 7.Nge2 c6 8.Qd2 Nbd7 9.d5
cxd5 10.cxd5 a6 11.Ng3 Ne8 12.Bd3 Nc5 13.Bc2 a5 14.O-O Bd7 15.a4 b6 16.Rab1
Qc7 17.b4 axb4 18.Rxb4 Nf6 19.Rfb1 Rfb8 20.Nge2 h5 21.h3 Ne8 22.Kh2 Bf6 23.Qc1
Bd8 24.Rc4 Rc8 25.Rcb4 Ra6 26.Qd1 Qa7 27.Nc1 Qa8 28.Nd3 Ra5 29.Bd2 Ra7 30.Be1
Ng7 31.Rc4 h4 32.Nb4 Nh5 33.Nb5 Bxb5 34.axb5 Bg5 35.Nc6 Ra2 36.Bf2 Kg7 37.Kg1
Ng3 38.Qe1 Bf4 39.Nb4 Ra3 40.Nc6 Qb7 41.Ra1 Rca8 42.Rb1 Qd7 43.Rcb4 Rxf3
44.Bb3 Nd3 45.Qd1 Re3 {#R} 0-1

[Event "It \"]
[Site "masterchessopen.com Paris (France)"]
[Round "1"]
[White "Arbakov Valentin (RUS)"]
[Black "Kasparov Garry (RUS)"]
[Result "0-1"]
[WhiteElo "2570"]
[BlackElo "2805"]

1.d4 Nf6 2.c4 g6 3.f3 Bg7 4.e4 d6 5.Nc3 O-O 6.Be3 e5 7.Nge2 c6 8.Qd2 Nbd7 9.d5
cxd5 10.cxd5 a6 11.Ng3 h5 12.Bd3 b5 13.O-O h4 14.Nge2 Nh5 15.a4 b4 16.Na2 Nc5
17.Bc4 a5 18.Bxc5 dxc5 19.Nac1 Kh7 20.Nb3 Bh6 21.Qd3 Qd6 22.Bb5 c4 23.Bxc4 Kg7
24.Bb5 Qb6+ 25.Kh1 Rh8 26.d6 Be6 27.Bc4 Bxc4 28.Qxc4 Qxd6 29.Rad1 Qe7 30.Qb5
Be3 31.Rd7 Ng3+ 32.Nxg3 hxg3 33.h3 Qe6 {#R} 0-1

[Event "It (open)"]
[Site "masterchessopen.com Perth (Australia)"]
[Round "10"]
[White "Maris Robert (AUS)"]
[Black "Phan-Koshnitsky Ngan (AUS)"]
[Result "1-0"]
[WhiteElo "1910"]
[BlackElo "2168"]

1.d4 Nf6 2.c4 g6 3.Nc3 Bg7 4.e4 d6 5.f3 O-O 6.Be3 e5 7.Nge2 c6 8.Qd2 Nbd7 9.d5
cxd5 10.Nxd5 Nxd5 11.Qxd5 Nb6 12.Qd3 f5 13.Nc3 Be6 14.b3 fxe4 15.fxe4 Rc8
16.Qd2 Qe7 17.Bd3 Nd7 18.Bc2 Nc5 19.O-O-O Rc6 20.Nd5 Bxd5 21.Qxd5+ Ne6 22.h4
Kh8 23.Qd2 Rfc8 24.Kb1 Bf6 25.g3 Nd4 26.Bd3 a6 27.Rc1 R6c7 28.Rhf1 Qe6 29.Qf2
Bg7 30.Qh2 Rf7 31.Rxf7 Qxf7 32.Rf1 Qe6 33.h5 Rf8 34.Rxf8+ Bxf8 35.Qf2 Bg7
36.h6 Bf6 37.g4 g5 38.Qg3 Qe7 39.Qh3 Ne6 40.Bf1 Nf4 41.Qh2 Qf7 42.Qd2 Be7
43.c5 Qg6 44.cxd6 Bxd6 45.Bc5 Qxe4+ 46.Ka1 Qh1 47.Qxd6 Qxf1+ 48.Kb2 Nd3+
49.Kc3 Qc1+ 50.Kxd3 Qd1+ 51.Ke4 Qxg4+ 52.Kd5 Qd1+ 53.Ke6 Qxd6+ 54.Bxd6 e4
55.Kf7 {#r} 1-0

[Event "Slovak League (2nd) 1994/95"]
[Site "masterchessopen.com Slovakia"]
[Round "6"]
[White "Hagara Vladimir (SVK)"]
[Black "Vlcek Stanislav (SVK)"]
[Result "0-1"]
[WhiteElo "1927"]
[BlackElo "2330"]

1.d4 Nf6 2.c4 g6 3.Nc3 Bg7 4.e4 d6 5.f3 O-O 6.Be3 e5 7.Nge2 c6 8.Qd2 Nbd7 9.d5
cxd5 10.cxd5 a6 11.Nc1 Nh5 12.Bd3 f5 13.exf5 gxf5 14.Bg5 Ndf6 15.O-O Qe8
16.N1e2 Kh8 17.a4 Qg6 18.Kh1 Rg8 19.Rg1 e4 20.fxe4 fxe4 21.Bc2 Ng4 22.Bh4 Bf5
23.Raf1 Raf8 24.h3 Ne5 25.Qg5 h6 26.Qxg6 Nxg6 27.Be1 Bd7 28.Bxe4 Ne5 29.g4 Nf6
30.Bf5 Nc4 31.Bxd7 Nxd7 32.b3 Ne3 33.Rxf8 Rxf8 34.Bd2 Re8 35.Rg3 Nf1 36.Rd3
Nc5 37.Kg2 Rf8 38.Rd4 Bxd4 39.Nxd4 Nxd2 {#R} 0-1

[Event "It (open)"]
[Site "masterchessopen.com Aceimar (Spain)"]
[Round "0"]
[White "Estremera Panos Sergio (ESP)"]
[Black "Paramos Dominguez Roberto (ESP)"]
[Result "1-0"]
[WhiteElo "2320"]
[BlackElo "2375"]

1.d4 Nf6 2.c4 g6 3.Nc3 Bg7 4.e4 d6 5.f3 O-O 6.Be3 e5 7.Nge2 c6 8.Qd2 Nbd7 9.d5
cxd5 10.cxd5 a6 11.g4 h5 12.g5 Nh7 13.Rg1 f6 14.gxf6 Rxf6 15.O-O-O b5 16.b3
Nb6 17.Kb2 b4 18.Nb1 a5 19.Nc1 Bd7 20.Be2 Rb8 21.Nd3 Kh8 22.Ka1 Qf8 23.Rc1 Bb5
24.Nb2 Bd7 25.Rc7 Qe8 26.Ra7 a4 27.Ra6 a3 28.Rxb6 axb2+ 29.Kxb2 Rxb6 30.Bxb6
Bb5 31.Be3 Bxe2 32.Qxe2 Qf8 33.Nd2 Bh6 34.Rc1 Bxe3 35.Qxe3 Qb8 36.Rc6 Rf7
37.Qb6 Rb7 38.Qa6 {#r} 1-0

[Event "Zt"]
[Site "masterchessopen.com Ankara (Turkey)"]
[Round "0"]
[White "Atalik Suat (BIH)"]
[Black "Kotronias Vasilios (GRE)"]
[Result "1-0"]
[WhiteElo "2525"]
[BlackElo "2590"]

1.d4 Nf6 2.c4 g6 3.Nc3 Bg7 4.e4 d6 5.f3 O-O 6.Be3 e5 7.Nge2 c6 8.Qd2 Nbd7 9.d5
cxd5 10.cxd5 a6 11.g4 h5 12.g5 Ne8 13.Nc1 f5 14.gxf6 Bxf6 15.Be2 Bh4+ 16.Kd1
b5 17.Nd3 Nb6 18.b3 a5 19.Nxb5 Ba6 20.a4 Bxb5 21.axb5 a4 22.Kc2 Nf6 23.Nb4
axb3+ 24.Kxb3 Nfd7 25.Nc6 Qc7 26.Qc3 Kh7 27.Rxa8 Rxa8 28.Ra1 Rxa1 29.Qxa1 Bf6
30.Qa7 Bd8 31.Qxc7 Bxc7 32.Kb4 Kg7 33.Bf1 Nf6 34.Bg5 Kf7 35.Bh3 Kg7 36.Ne7 Bd8
37.Nc8 Nxc8 38.Bxc8 Bb6 39.Kc4 Ne8 40.Bd7 Nf6 41.Be6 Ne8 42.Kd3 Nc7 43.Bd7 Kf7
44.Bc6 Bc5 45.Kc4 Bb6 46.Bd2 Ke7 47.Bb4 Bg1 48.h3 Ba7 49.Kb3 Bc5 50.Bxc5 dxc5
51.Kc4 Kd6 52.b6 Na6 53.Kb5 Nb4 54.b7 Kc7 55.d6+ {#r} 1-0

[Event "Bundesliga (2nd) North 1995/96"]
[Site "masterchessopen.com Germany"]
[Round "0"]
[White "Vogel Robert (GER)"]
[Black "Poldauf Dirk (GER)"]
[Result "1-0"]
[WhiteElo "2300"]
[BlackElo "2415"]

1.d4 Nf6 2.c4 g6 3.Nc3 Bg7 4.e4 d6 5.f3 O-O 6.Be3 e5 7.Nge2 c6 8.Qd2 Nbd7 9.d5
cxd5 10.Nxd5 Nxd5 11.Qxd5 Nb6 12.Qb5 Bh6 13.Bf2 Bd7 14.Qb4 Na4 15.Rd1 a5
16.Qa3 b5 17.cxb5 Bxb5 18.b3 Bxe2 19.Bxe2 Nc3 20.Rxd6 Qg5 21.g3 Nxe2 22.Kxe2
Rac8 23.h4 Rc2+ 24.Kf1 Rxf2+ 25.Kxf2 Qe3+ 26.Kg2 Qe2+ 27.Kh3 Qxf3 28.Rhd1 Qxe4
29.Qc5 Be3 30.Qd5 Qf5+ 31.Kh2 Kg7 32.Qg2 Bd4 33.Rf1 Qg4 34.Qf3 Qc8 35.Qd5 Qc2+
36.Kh3 Qe2 37.Rdf6 h5 38.Rxf7+ Rxf7 39.Qxf7+ Kh6 40.Qf8+ {#r} 1-0

[Event "Ch Hessen"]
[Site "masterchessopen.com Hofheim (Germany)"]
[Round "4"]
[White "Neumann Norbert (GER)"]
[Black "Heck Norbert (GER)"]
[Result "0-1"]
[WhiteElo "2144"]
[BlackElo "2310"]

1.d4 d6 2.c4 g6 3.Nc3 Bg7 4.e4 Nf6 5.f3 O-O 6.Be3 e5 7.Nge2 c6 8.Qd2 Nbd7 9.d5
cxd5 10.cxd5 a6 11.g4 h5 12.h3 Nh7 13.O-O-O h4 14.g5 b5 15.Qe1 Nxg5 16.Qxh4
Nxf3 17.Qf2 Nd4 18.Nxd4 exd4 19.Bxd4 Ne5 20.Qg2 Bd7 21.Kb1 b4 22.Ne2 Qh4
23.Ng3 a5 24.Rg1 a4 25.Nf5 Bxf5 26.exf5 Qh5 27.Be2 Qxf5+ 28.Ka1 a3 29.Bb5 Ra5
30.Qe2 axb2+ 31.Bxb2 Rfa8 32.a4 Rxa4+ {#R} 0-1

[Event "?"]
[Site "masterchessopen.com Moscow (Russia)"]
[Round "0"]
[White "Dragomarezkij Evgeni (RUS)"]
[Black "Ivanov Mikhail M (RUS)"]
[Result "0-1"]
[WhiteElo "2475"]
[BlackElo "2445"]

1.d4 Nf6 2.c4 g6 3.Nc3 Bg7 4.e4 O-O 5.f3 d6 6.Be3 e5 7.Nge2 c6 8.Qd2 Nbd7 9.d5
cxd5 10.Nxd5 Nxd5 11.Qxd5 Nb6 12.Qd3 Be6 13.b3 f5 14.O-O-O fxe4 15.fxe4 d5
16.Bxb6 axb6 17.cxd5 Rxa2 18.dxe6 Qa8 19.Qc3 Ra1+ 20.Kc2 Qa2+ 21.Qb2 Qxb2+
22.Kxb2 Rxd1 23.e7 Re8 24.Nc3 Rd2+ 25.Ka3 Bf6 26.Bc4+ Kg7 27.g3 Ra8+ 28.Kb4
Bxe7+ 29.Kb5 Bc5 30.b4 Rb2 {#R} 0-1

[Event "Ch Chile"]
[Site "masterchessopen.com Santiago (Chile)"]
[Round "0"]
[White "Sepulveda Job (CHI)"]
[Black "Jorquera Marcelo (CHI)"]
[Result "1-0"]
[WhiteElo "2326"]
[BlackElo "2125"]

1.d4 Nf6 2.c4 g6 3.Nc3 Bg7 4.e4 d6 5.f3 O-O 6.Be3 e5 7.Nge2 c6 8.Qd2 Nbd7 9.d5
cxd5 10.cxd5 Nb6 11.Ng3 Ne8 12.Be2 f5 13.exf5 gxf5 14.f4 Nf6 15.O-O e4 16.a4
a5 17.Rac1 Bd7 18.b3 Kh8 19.Bd4 Rc8 20.Rfd1 Rg8 21.Qe3 Na8 22.Nf1 Qe8 23.Nd2
Qg6 24.Nc4 h5 25.Nxd6 Kh7 26.Qg3 Qxg3 27.hxg3 Rc7 28.Be5 Ng4 29.Bxg4 hxg4
30.Nc4 Rc5 31.Kf2 b5 32.axb5 Bxb5 33.Bd6 Bxc3 34.Bxc5 Bb4 35.Bxb4 axb4 36.Ra1
Rd8 37.Ra7+ Kg6 38.Ne5+ {#r} 1-0

[Event "It (open) \"]
[Site "masterchessopen.com Schwabisch Gmund (Germany)"]
[Round "2"]
[White "Bischoff Klaus (GER)"]
[Black "Held Markus (GER)"]
[Result "1-0"]
[WhiteElo "2550"]
[BlackElo "2210"]

1.d4 Nf6 2.c4 g6 3.Nc3 Bg7 4.e4 d6 5.f3 e5 6.Nge2 c6 7.Be3 O-O 8.Qd2 Nbd7 9.d5
cxd5 10.cxd5 a6 11.g4 b5 12.Ng3 Nb6 13.Be2 Bb7 14.g5 Nfd7 15.h4 Rc8 16.h5 Re8
17.hxg6 hxg6 18.Nd1 Nc4 19.Bxc4 Rxc4 20.b3 Rc8 21.Nf2 Qc7 22.Ng4 Qc3 23.Rd1
Qxd2+ 24.Kxd2 Rc7 25.Ne2 Rec8 26.Rc1 Rxc1 27.Nxc1 f6 28.gxf6 Nxf6 29.Nxf6+
Bxf6 30.Nd3 Rc7 31.Bb6 Rh7 32.Rxh7 Kxh7 33.Nb4 Kg7 34.Nc6 Kf8 35.a4 bxa4
36.bxa4 Ke8 37.Na5 Bc8 38.Nc4 Be7 39.Bc7 Kd7 40.Bb8 Bb7 41.Kc3 Bf8 42.Kb3 Be7
43.Kb4 Bc8 44.Kc3 Bf8 45.Kd3 Be7 46.Ke2 Bb7 47.Kf2 Bc8 48.Kg3 Bb7 49.Ba7 Kc7
50.Bb6+ Kd7 51.Ba5 Bc8 52.Bd2 Bd8 53.Bb4 Be7 54.Ba3 Bb7 55.Bc1 Bd8 56.Kg4 Bf6
57.Bg5 Bg7 58.Bd2 Bf6 59.Bg5 Bg7 60.f4 Bc8 61.Nb6+ Kc7+ 62.Nxc8 Kxc8 63.f5
gxf5+ 64.Kxf5 Kd7 65.Kg6 Bh8 66.Kh7 {#r} 1-0

[Event "It (open) \"]
[Site "masterchessopen.com Schwabisch Gmund (Germany)"]
[Round "6"]
[White "Henrich Thomas (GER)"]
[Black "Ivanov Mikhail M (RUS)"]
[Result "0-1"]
[WhiteElo "2222"]
[BlackElo "2445"]

1.d4 Nf6 2.c4 g6 3.Nc3 Bg7 4.e4 d6 5.f3 O-O 6.Be3 e5 7.Nge2 c6 8.Qd2 Nbd7 9.d5
cxd5 10.cxd5 a6 11.g4 h5 12.g5 Ne8 13.Rg1 b5 14.Nc1 Nb6 15.b3 Bd7 16.Nd3 Qb8
17.Rc1 a5 18.Kf2 Nc7 19.Kg2 b4 20.Qf2 bxc3 21.Bxb6 Nb5 22.Be3 Rc8 23.Kh1 a4
24.b4 Na3 25.Nc5 dxc5 26.bxc5 Qb2 27.c6 Bxc6 28.dxc6 Qxf2 29.Bxf2 Rxc6 {#R}
0-1

[Event "Match (active)"]
[Site "masterchessopen.com Varna (Bulgaria)"]
[Round "3"]
[White "Karpov Anatoly (RUS)"]
[Black "Topalov Veselin (BUL)"]
[Result "1-0"]
[WhiteElo "2775"]
[BlackElo "2670"]

1.c4 Nf6 2.Nc3 g6 3.e4 d6 4.d4 Bg7 5.f3 O-O 6.Be3 e5 7.Nge2 c6 8.Qd2 Nbd7 9.d5
cxd5 10.cxd5 a6 11.g4 h5 12.g5 Nh7 13.Rg1 f6 14.gxf6 Rxf6 15.O-O-O b5 16.b3
Nb6 17.Kb2 Bd7 18.Nc1 Be8 19.Be2 b4 20.Nb1 a5 21.Nd3 Rf8 22.Nf2 Nf6 23.Rc1 Rb8
24.Rc2 Qe7 25.Nh3 Nh7 26.Qd3 a4 27.Kc1 axb3 28.axb3 Na8 29.Qa6 Qd7 30.Nf2 Nc7
31.Qa7 Rc8 32.Qb7 Nxd5 33.Qxd5+ Bf7 34.Qd3 Rxc2+ 35.Kxc2 Ra8 36.Rc1 Nf6 37.Kd1
d5 38.Ke1 Qe6 39.Bd2 dxe4 40.fxe4 Bf8 41.Bg5 Nh7 42.Be3 Qf6 43.Nd2 Ng5 44.Qb5
Ne6 45.Bc4 Rd8 46.Qb6 Rd6 47.Qa7 Qh4 48.Nf3 Qf6 49.Nd2 Be7 50.Bd5 Nf4 51.Rc8+
Kg7 52.Bxf7 Ra6 53.Qd7 Ra1+ 54.Nd1 Qh4+ 55.Bf2 Ng2+ 56.Ke2 Nf4+ 57.Ke3 Qg5
58.h4 Ng2+ 59.Kf3 Nxh4+ 60.Ke2 Ng2 61.Nf3 Nf4+ 62.Kd2 Qg2 63.Qxe7 Rxd1+
64.Kxd1 Qxf3+ 65.Kc1 Nd3+ 66.Kd2 Qxf2+ 67.Kxd3 {#r} 1-0

[Event "It (open) (a)"]
[Site "masterchessopen.com Zaragoza (Spain)"]
[Round "5"]
[White "Campos Moreno Javier B (CHI)"]
[Black "Spraggett Kevin (CAN)"]
[Result "1-0"]
[WhiteElo "2450"]
[BlackElo "2530"]

1.d4 Nf6 2.c4 g6 3.Nc3 Bg7 4.e4 d6 5.f3 O-O 6.Be3 e5 7.Nge2 c6 8.Qd2 Nbd7 9.d5
cxd5 10.cxd5 a6 11.g4 h5 12.g5 Nh7 13.Rg1 f6 14.gxf6 Rxf6 15.O-O-O b5 16.b3
Rb8 17.Kb2 Nb6 18.Nc1 Bd7 19.Be2 Be8 20.Ka1 b4 21.Nb1 a5 22.Nd3 Na8 23.Nb2 Nc7
24.Rc1 Nb5 25.Bxb5 Rxb5 26.Qd1 Rf8 27.Nd2 Qf6 28.Rc7 Bf7 29.Qe2 Rbb8 30.Kb1
Rbc8 31.Rxc8 Rxc8 32.Ndc4 Rf8 33.Nxa5 Be8 34.Nbc4 Qxf3 35.Qxf3 Rxf3 36.Nb7 g5
37.Nbxd6 Bg6 38.Bxg5 Nxg5 39.Rxg5 Rf1+ 40.Kc2 Rf2+ 41.Kd3 Kh7 42.Nxe5 {#r} 1-0

[Event "It (open)"]
[Site "masterchessopen.com Barbera (Spain)"]
[Round "4"]
[White "Estremera Panos Sergio (ESP)"]
[Black "Movsziszian Karen (ARM)"]
[Result "0-1"]
[WhiteElo "2345"]
[BlackElo "2470"]

1.d4 g6 2.c4 Bg7 3.Nc3 Nf6 4.e4 d6 5.f3 O-O 6.Be3 e5 7.Nge2 c6 8.Qd2 Nbd7 9.d5
cxd5 10.cxd5 a6 11.g4 h5 12.g5 Ne8 13.O-O-O b5 14.b3 Nb6 15.Kb2 b4 16.Nb1 a5
17.Nc1 Bd7 18.Qf2 Rb8 19.Nd2 f6 20.gxf6 Nxf6 21.Rg1 Be8 22.Nc4 Nxc4+ 23.Bxc4
Nd7 24.Be2 a4 25.Qe1 Qa5 26.a3 axb3 27.axb4 Qa4 28.Nxb3 Rxb4 29.Qc3 Bh6
30.Bxh6 Nc5 31.Rd3 Bb5 32.Ra1 Bxd3 33.Bd1 Rfb8 34.Ra3 Bc4 35.Be3 Rxb3+ 36.Rxb3
Rxb3+ 37.Qxb3 Bxb3 38.Bxc5 dxc5 39.Bxb3 Qd4+ 40.Kc2 c4 41.Ba4 Qf2+ 42.Kc3
Qxf3+ 43.Kb4 Qxe4 44.Kc5 c3 {#R} 0-1

[Event "It (open)"]
[Site "masterchessopen.com Castellar (Spain)"]
[Round "0"]
[White "Campos Jose Felix (ARG)"]
[Black "Rohl Juan (VEN)"]
[Result "1-0"]
[WhiteElo "2260"]
[BlackElo "2395"]

1.d4 Nf6 2.c4 g6 3.Nc3 Bg7 4.e4 d6 5.f3 O-O 6.Be3 e5 7.Nge2 c6 8.Qd2 Nbd7 9.d5
cxd5 10.cxd5 a6 11.g4 h5 12.g5 Nh7 13.Rg1 f6 14.gxf6 Rxf6 15.O-O-O b5 16.b3
Qf8 17.Kb2 Kh8 18.Bg2 Bb7 19.Nc1 Rc8 20.Nd3 Nc5 21.Rc1 Nxd3+ 22.Qxd3 Bh6
23.Ne2 Bxe3 24.Qxe3 Qd8 25.Bh3 Rxc1 26.Rxc1 Rf8 27.Ng1 Rf7 28.Be6 Rc7 {#r} 1-0

[Event "Ch Catalunia (team)"]
[Site "masterchessopen.com Catalunia (Spain)"]
[Round "0"]
[White "Campos Moreno Javier B (CHI)"]
[Black "Comas Fabrego Lluis (ESP)"]
[Result "1-0"]
[WhiteElo "2485"]
[BlackElo "2460"]

1.d4 Nf6 2.c4 g6 3.Nc3 Bg7 4.e4 d6 5.f3 O-O 6.Be3 e5 7.Nge2 c6 8.Qd2 Nbd7 9.d5
cxd5 10.cxd5 Nb6 11.b3 Bd7 12.g4 h5 13.g5 Nh7 14.Rg1 f6 15.gxf6 Rxf6 16.O-O-O
Nc8 17.Kb2 Qe8 18.f4 b5 19.fxe5 dxe5 20.Nc1 b4 21.N3e2 Nd6 22.Bg2 Rf4 23.Qxb4
Bf8 24.Qe1 a5 25.Nc3 a4 26.Nd3 axb3 27.axb3 Nc4+ 28.bxc4 Qb8+ 29.Kc2 Bb4
30.Rb1 Ra2+ 31.Nxa2 Ba4+ 32.Kc1 {#r} 1-0

[Event "Bundesliga 1996/97"]
[Site "masterchessopen.com Germany"]
[Round "0"]
[White "Bischoff Klaus (GER)"]
[Black "Vogt Lothar (GER)"]
[Result "1-0"]
[WhiteElo "2530"]
[BlackElo "2505"]

1.d4 Nf6 2.c4 g6 3.Nc3 Bg7 4.e4 d6 5.f3 O-O 6.Be3 e5 7.Nge2 c6 8.Qd2 Nbd7 9.d5
cxd5 10.cxd5 a6 11.g3 b5 12.Bg2 Rb8 13.O-O Nc5 14.Nc1 b4 15.Nd1 Nfd7 16.Nf2 a5
17.Ncd3 Ba6 18.Rfc1 Qb6 19.Bf1 Rfc8 20.Nxc5 Nxc5 21.Bxc5 Rxc5 22.Rxc5 dxc5
23.Rc1 Bf8 24.Bc4 Bd6 25.Bxa6 Qxa6 26.Qd3 Qb6 27.Kg2 Kf8 28.Nd1 Qb5 29.Qxb5
Rxb5 30.b3 a4 31.bxa4 Ra5 32.Nb2 Ke7 33.Rc2 f6 34.Kf2 Ra8 35.Ke2 Rb8 36.Kd3 b3
37.axb3 Rxb3+ 38.Ke2 Ra3 39.Nc4 Rxa4 40.Kd3 Ra7 41.Rb2 Bc7 42.Rb5 Kd7 43.Rxc5
Ra2 44.Rc6 Bd8 45.Nd2 Ra3+ 46.Rc3 Ra2 47.Rc2 Ra3+ 48.Ke2 h5 49.Nc4 Ra1 50.Kf2
Bc7 51.Kg2 Ra4 52.h4 Rb4 53.g4 hxg4 54.fxg4 Bd6 55.Rc3 Bf8 56.Kf3 Bh6 57.g5
Bg7 58.gxf6 Bxf6 59.Ne3 Be7 60.Ng4 Bd6 61.h5 gxh5 62.Nf6+ Ke7 63.Nxh5 Rb1
64.Ng3 Kd7 65.Rc6 Bc7 66.Rh6 Ba5 67.Nf5 Rf1+ 68.Kg2 Re1 69.Rh7+ Kd8 70.Kf3 Bd2
71.Ra7 Bf4 72.Nd6 Rg1 73.Rh7 Rg3+ 74.Kf2 Re3 75.Nb7+ Kc8 76.Nc5 Rc3 77.Ne6
Be3+ 78.Ke2 Bb6 79.Kd2 Ba5 80.Ra7 Bb4 81.Ke2 Bd6 82.Ra6 Kd7 83.Ng7 Bc7 84.Nf5
Rb3 85.Ra7 Kd8 86.Ra8+ Kd7 87.Rg8 Rb6 88.Rg7+ Kd8 89.Kf3 Rb3+ 90.Kg4 Rb4
91.Ng3 Rb6 92.Kf5 Rh6 93.Rg6 Rxg6 94.Kxg6 Kd7 95.Nf5 Bd8 96.Ne3 Kd6 97.Nc4+
Kc5 98.Nxe5 Kd4 99.Kf5 {#r} 1-0

[Event "?"]
[Site "masterchessopen.com Ikaria (Greece)"]
[Round "0"]
[White "Atalik Suat (BIH)"]
[Black "Kotronias Vasilios (GRE)"]
[Result "0-1"]
[WhiteElo "2525"]
[BlackElo "2615"]

1.d4 Nf6 2.c4 g6 3.Nc3 Bg7 4.e4 d6 5.f3 O-O 6.Be3 e5 7.Nge2 c6 8.Qd2 Nbd7 9.d5
cxd5 10.cxd5 a6 11.g4 h5 12.h3 Nh7 13.Rg1 h4 14.Nc1 Kh8 15.Nd3 f5 16.gxf5 gxf5
17.exf5 Rxf5 18.Ne4 Qf8 19.Be2 Ndf6 20.Ndf2 Bd7 21.Ng4 Nh5 22.Bh6 Nf4 23.Bxg7+
Qxg7 24.Nxd6 Rff8 25.Bf1 Ng5 26.Nh2 Qf6 27.Ne4 Nxe4 28.fxe4 Rac8 29.Nf3 Rf7
30.Rc1 Rxc1+ 31.Qxc1 Bxh3 32.Qc3 Bxf1 33.Kxf1 Nh5 {#R} 0-1

[Event "It (open) \"]
[Site "masterchessopen.com Jyvaskyla (Finland)"]
[Round "1"]
[White "Wallace John Paul (AUS)"]
[Black "Luodonpaa Martti (FIN)"]
[Result "1-0"]
[WhiteElo "2365"]
[BlackElo "1900"]

1.d4 Nf6 2.c4 g6 3.Nc3 Bg7 4.e4 d6 5.f3 O-O 6.Be3 e5 7.Nge2 c6 8.Qd2 Nbd7 9.d5
cxd5 10.cxd5 a6 11.g4 h5 12.h3 b5 13.Bg5 Qb6 14.Ng3 hxg4 15.hxg4 Nh7 16.Be3
Qd8 17.Qh2 {#r} 1-0

[Event "It (cat.12)"]
[Site "masterchessopen.com Karditsa (Greece)"]
[Round "2"]
[White "Atalik Suat (BIH)"]
[Black "Anagnostopoulos Dimitri (GRE)"]
[Result "0-1"]
[WhiteElo "2525"]
[BlackElo "2515"]

1.d4 Nf6 2.c4 g6 3.Nc3 Bg7 4.e4 d6 5.f3 O-O 6.Be3 e5 7.Nge2 c6 8.Qd2 Nbd7 9.d5
cxd5 10.cxd5 a6 11.g4 h5 12.g5 Nh7 13.Rg1 b5 14.Nc1 Nb6 15.b3 Bd7 16.a3 Qb8
17.N1a2 Nc8 18.Be2 Ne7 19.Rc1 Rc8 20.Kf2 Be8 21.Nb1 a5 22.b4 a4 23.Kg2 f6
24.h4 fxg5 25.hxg5 Rxc1 26.Rxc1 Qd8 27.Nac3 Rb8 28.Nd1 Nc8 29.Nf2 Bf8 30.Kg3
Be7 31.Kh4 Bd7 32.Rc6 Bxc6 33.dxc6 Kg7 34.Nh3 Qc7 35.Qd5 Na7 36.Nc3 Qxc6
37.Qxc6 Nxc6 38.Nxb5 Nf8 39.Bc4 Rb7 40.Ng1 Nd8 41.Ne2 Nde6 42.Nec3 Nf4 43.Bxf4
exf4 44.Nd5 Ne6 45.Nxe7 Rxe7 46.Bxe6 Rxe6 47.Nc7 Re7 48.Nd5 Re8 49.Nxf4 Rc8
50.Nd5 Rc1 {#R} 0-1

[Event "It (open)"]
[Site "masterchessopen.com Mondariz (Spain)"]
[Round "0"]
[White "Campos Jose Felix (ARG)"]
[Black "Paramos Dominguez Roberto (ESP)"]
[Result "1-0"]
[WhiteElo "2260"]
[BlackElo "2410"]

1.d4 Nf6 2.c4 g6 3.Nc3 Bg7 4.e4 d6 5.f3 O-O 6.Be3 e5 7.Nge2 c6 8.Qd2 Nbd7 9.d5
cxd5 10.cxd5 a6 11.g4 h5 12.g5 Nh7 13.Rg1 f6 14.gxf6 Rxf6 15.O-O-O Qe8 16.Bg2
Kh8 17.Kb1 Nc5 18.Nc1 Bd7 19.b4 Na4 20.Nxa4 Bxa4 21.Nb3 Rc8 22.Rc1 Rf8 23.Na5
Qe7 24.Nc4 Bb5 25.Nb6 Rxc1+ 26.Rxc1 Bf6 27.a4 Be8 28.Rc3 Bg5 29.Bxg5 Nxg5
30.Qe1 Qd8 31.a5 Bb5 32.Qg3 Qf6 33.Kc2 Rf7 34.Kd1 Bf1 35.Bxf1 Nxe4 36.fxe4
Qxf1+ 37.Qe1 Qg2 38.Rc2 Qh3 39.Kd2 Qb3 40.Kc1 Qd3 41.Kb2 Rf3 42.Rc3 Qd4 43.Kb3
Rxc3+ 44.Qxc3 Qxe4 45.Qc8+ Kg7 46.Qxb7+ Kh6 47.Qxa6 Qb1+ 48.Ka4 Qc2+ 49.Kb5
Qd3+ 50.Nc4 Qxd5+ 51.Kb6 Qd4+ 52.Kc7 d5 53.Nd6 Qxb4 54.Nf7+ Kg7 55.Nxe5 Qc3+
56.Kd6 Qa3+ 57.Ke6 Qh3+ 58.Ke7 Qh4+ 59.Ke8 Qa4+ 60.Qc6 {#r} 1-0

[Event "Tournament (2)"]
[Site "masterchessopen.com Mondariz (Spain)"]
[Round "0"]
[White "Estremera Panos Sergio (ESP)"]
[Black "Paragua Mark (PHI)"]
[Result "1-0"]
[WhiteElo "2345"]
[BlackElo "2120"]

1.d4 Nf6 2.c4 g6 3.Nc3 Bg7 4.e4 d6 5.f3 O-O 6.Be3 e5 7.Nge2 c6 8.Qd2 Nbd7 9.d5
cxd5 10.cxd5 a6 11.g4 h5 12.g5 Ne8 13.Nc1 b5 14.Nd3 Bb7 15.O-O-O Qa5 16.Kb1
Bh8 17.Rc1 Ng7 18.Be2 Rac8 19.b3 h4 20.Bf1 Nh5 21.Bh3 Qd8 22.Ne2 Qe7 23.Bg4
Nf4 24.Bxd7 Rxc1+ 25.Rxc1 Nxd3 26.Rc7 Bc8 27.Rxc8 {#r} 1-0

[Event "It (open) \"]
[Site "masterchessopen.com Nyiregyhaza (Hungary)"]
[Round "3"]
[White "Lembak Jurij (UKR)"]
[Black "Monus Zoltan (HUN)"]
[Result "1-0"]
[WhiteElo "2245"]
[BlackElo "2092"]

1.d4 Nf6 2.c4 g6 3.Nc3 Bg7 4.e4 d6 5.f3 O-O 6.Be3 e5 7.Nge2 c6 8.Qd2 Nbd7 9.d5
cxd5 10.cxd5 a6 11.Nc1 Nh5 12.Nd3 f5 13.O-O-O Ndf6 14.exf5 gxf5 15.Kb1 Bd7
16.Ka1 Qa5 17.Nc1 b5 18.Nb3 Qd8 19.Bh6 Rf7 20.Bxg7 Rxg7 21.g3 b4 22.Ne2 a5
23.Bh3 Qb6 24.Nbc1 Rc8 25.Qd3 e4 26.Qd4 Qxd4 27.Nxd4 exf3 28.Nxf5 Bxf5 29.Bxf5
Rf8 30.Rhf1 Ng4 31.Rxf3 Rxf5 32.Rxf5 Ne3 33.Rxh5 Nxd1 34.Kb1 Ne3 35.Nd3 Re7
36.Nf4 Re5 37.Rxe5 dxe5 38.d6 Kf7 39.Nd3 Ke6 40.Nxe5 Kxd6 41.Nf3 Kd5 42.Kc1 h6
43.b3 Ke4 44.Nd2+ Kd3 45.h3 h5 46.Nf3 Ke4 47.Ng5+ Kf5 48.Nf7 Ke6 49.Nd8+ Kf5
50.Nc6 Nf1 51.g4+ hxg4 52.hxg4+ Kxg4 53.Nxa5 Ne3 54.Kd2 Nd5 55.Kd3 Kf5 56.Nc6
Ke6 57.Kc4 Kd6 58.Nxb4 Nb6+ 59.Kb5 Kc7 60.a4 Kb7 61.a5 Nc8 62.Kc5 Na7 63.Nd5
Ka6 64.b4 Nb5 65.Kc4 Nd6+ 66.Kb3 Kb5 67.Nc3+ Ka6 68.Ka4 Nc4 69.b5+ Ka7 70.Kb4
Nd6 71.b6+ Kb8 72.a6 Nc8 73.Kc5 {#r} 1-0